003790000a2200133000450024500340000065000130003465000150004765000240006265100130008604100140009970000220011310000290013577300810016410aExploración espeleológica14aCavernas14aEcología14aSistemas cársicos 4pColombia0 aEspañol1 aMolares A., Ludis1 aAmado González, Eliseo1 tBoletín Científico de la Universidad de la Salle3182h1q55-75d1988g3